Score 0/15 Timer 03:00
1 Play Today
% Correct
Bill
94.7%
Grill
94.7%
Thrill
93.8%
Fill
93.7%
Mill
93.7%
Distill
93.4%
Overkill
93%
Instill
91.2%
% Correct
Mandrill
89.9%
Frill
88%
Standstill
87.8%
Quill
87.3%
Ill
81.3%
Whippoorwill
78.7%
Shill
78.3%
Remove Ads.
Support Sporcle.
Get the best of Sporcle when you Go Orange. This ad-free experience offers more features, more stats, and more fun while also helping to support Sporcle. Thank you for becoming a member.

You're not logged in!

Compare scores with friends on all Sporcle quizzes.
OR
Log In

Show Comments

Extras

Top Quizzes Today


Score Distribution

Your Account Isn't Verified!

In order to create a playlist on Sporcle, you need to verify the email address you used during registration. Go to your Sporcle Settings to finish the process.

Report this User

Report this user for behavior that violates our Community Guidelines.

Details: